=LDR 00000nam 2200000 4500 =001 INLIS000000000035227 =005 20130612141112 =008 ***********************************ind** =035 ##$$0010-061300000035227 =041 ##$$a ind =082 ##$$a 620.1 =090 ##$$a 620.1, Say,p =100 ##$$a Sayuthi, M =245 ##$$a Pengukuran Tehnik, M.Sayuthi, Fadliayah, Syarifuddin =260 ##$$a 2008 $b Yogyakarta =300 ##$$a ix,182 hlm., Illus., 21 cm =650 ##$$a Teknik Mekanik =850 ##$$a NBPNMAT =990 ##$$a 0001/BPAP-NTB/2016